000 00943nam a2200301 i 4500
003 EG-GICUC
005 20260512114659.0
008 260512s1979 fr ||||fr|||| 00| 0 fre d
020 _a2701303125
040 _aEG-GiCUC
_bfre
_cEG-GiCUC
_dEG-GiCUC
_eRda
082 0 4 _221
_a345.43
_bPI . F
092 0 4 _221
099 _aLaw1 07 345.43 PI . F 1979
100 1 _aPiquemal,Marcel
_eAuteur
245 _aLe Fonctionnaire.
_nTome 1:
_pDroits Et Garanties/
_cMarcel Piquemal.
250 _aDeuxième Édition
264 1 _aParis:
_bBerger-Levrault,
_c1979.
300 _a443 page ;
_c 24 cm.
336 _2rda contenu
_a texte
337 _2rda medias
_aOrdinateur
338 _2 transporteur rda
_a Ressource en ligne
546 _aTexte en français
650 1 _aDroit Administratif
650 1 _aDroits des Fonctionnaires
856 4 0 _uhttps://fll.law.cu.edu.eg/fulltext/bks/B07-06193.pdf
905 _a59
942 _2ddc
_n0
_cBK
_e21
999 _c76653
_d76653